LEADER 00840nam a2200229 i 4500 001 000000138561 003 CaOOAMICUS 005 20200210085144.0 008 061011s1960 it u000 u ita u 013 $a112459 040 $aSeMil$bita 240 10$aConférences.$0(OLS)http://semarc/title/12410 245 10$aConferenze. 300 $a286 p. 700 1 $aGrandmaison, Léonce : de,$c.$0(OLS)http://semarc/name/5518 773 0 $aGrandmaison, Léonce : de $tScritti spirituali.$dAlba : Paoline, 1960-1961.$g1$w()16547 830 0$aAlere Flammam ;$v2.$0(OLS)http://semarc/title/21891 850 $aSeMil 852 $aSeMil$W1$xVenegono$y1$m2C II 507$j92050$B92050$CSeMilBibl$Z2$F115541 $81 961 $aRecupero: Altro 996 $6245$aConferenze$9(OLS)http://semarc/title/31893 LEADER 00942nam a2200205 4500 001 000000351150 003 CaOOAMICUS 005 20220808145841.0 008 220808s1852 it a 000 u ita r 040 $aSeMil$bita 100 11$aTenca, Carlo.$0(OLS)http://semarc/name/11428 245 13$aLa cà dei cani :$bcronaca milanese del secolo 14. cavata da un manoscritto di un canattiere di Barnabò Visconti /$c[Carlo Tenca]. 250 $a2. Ed. 264 1$aMilano :$bBorroni e Scotti,$c1852. 300 $a178 p., [2] carte di tav. :$bill. ;$c15 cm 850 $aSeMil 852 $aSeMil$W1$xVenegono$y1$m5C III 3 FA$j242975$B242218$CSeMilBibl$Z2$F242218 $8I 996 $6245$aLa cà dei cani :$bcronaca milanese del secolo 14. cavata da un manoscritto di un canattiere di Barnabò Visconti$9(OLS)http://semarc/title/440933 996 $6264$aMilano :$bBorroni e Scotti$9(OLS)http://semarc/publisher/31266